000 00608nam a2200217 a 4500
001 17231
003 BD-RjUL
005 20211209000116.0
008 140216r1955 enka j 001 0 eng d
035 _a(BD-RjUL) 17289
040 _aBD-RjUL
_beng
_cBD-RjUL
_dBD-RjUL
041 _aeng
082 _a796
_bATH 1955
245 1 0 _aAthletics /
_bEdited by Meyer, H.A.
260 _aLondon :
_b J.M.Dent and Sons Ltd.,
_c1955.
300 _ax, 375 p. :
_c18 cm.
_billus. ;
500 _aIncludes index.
650 0 _aAthletics
_xJuvenile literature
_953125
700 1 _aDavies, Lynn.
_953126
942 _2ddc
_cBK
999 _c17231
_d17231